000 00741nam a22002417a 4500
008 131104b xxu||||| |||| 00| 0 eng d
020 _a0-02-947960-6
024 _cAvailable
037 _cAvailable
040 _aMBSTU LIBRARY
_dMBSTU LIBRARY
082 _222
_a574.50724 SWE
100 _aSwartzman, Gordon L.
245 _aEcological simulation primer.
260 _aLondon
_bMzc Millan Publishing Company.
_c1987
300 _a24 cm.
_b370 page
_f1
_g24 cm.
600 _2Ecology - mathematical.
650 _2Ecology - mathematical.
700 _aSwartzman, Gordon L.
270 _aLondon
_bLondon
_dUK
365 _b3756.00
_d3756.00
942 _2ddc
_cBK
999 _c780
_d780